[Event "21e tournoi 1hKO"]
[Site "Montigny le Bretonneux"]
[Date "2017.05.28"]
[Round "7.1"]
[White "Tornare, Michel"]
[Black "Delpech, Olivier"]
[Result "1-0"]
[WhiteElo "1835"]
[BlackElo "1660"]
[Annotator "Rivier,Sylvain"]
[PlyCount "103"]
[EventDate "2017.??.??"]
[WhiteTeam "C.S.M. Puteaux Echecs"]
[BlackTeam "La Dame Noire"]

{Défense hollandaise} 1. Nf3 f5 2. d4 Nf6 3. g3 g6 4. Bg2 Bg7 5. O-O O-O 6. b3
c6 7. c4 d5 8. Bf4 e6 9. Qc1 Qe7 10. Bh6 Nbd7 11. Bxg7 Kxg7 12. Nc3 dxc4 13.
bxc4 e5 14. e3 e4 15. Nd2 Nb6 16. Rd1 Be6 17. Bf1 Qf7 18. c5 Nbd5 19. Nxd5 Nxd5
20. Nc4 g5 21. Rb1 Rab8 22. Qa3 b5 23. cxb6 axb6 24. Ne5 Qe7 25. Qc1 Rbc8 26.
Qb2 Bd7 27. Bc4 b5 28. Bxd5 cxd5 29. Nxd7 Qxd7 30. Qxb5 Qxb5 31. Rxb5 Rfd8 32.
Rdb1 Ra8 33. Rb7+ Kg8 34. R1b2 Rf8 35. Re7 h6 36. Rbb7 Rf6 37. Rg7+ Kf8 38.
Rgd7 f4 39. gxf4 gxf4 40. exf4 Rxf4 41. Rxd5 Rc8 42. Re5 Rg4+ 43. Kf1 Rd8 44.
d5 Rf4 45. Kg2 Rf7 46. Rxf7+ Kxf7 47. Rxe4 Rxd5 48. a4 Ra5 49. Kg3 h5 50. Kh4
Kf6 51. Rb4 Rf5 52. f4 {suite non notée} 1-0

[Event "21e tournoi 1hKO"]
[Site "Montigny le Bretonneux"]
[Date "2017.05.28"]
[Round "7.2"]
[White "Charron, Thomas"]
[Black "Forissier, Nicolas"]
[Result "0-1"]
[WhiteElo "1550"]
[BlackElo "1985"]
[Annotator "Rivier,Sylvain"]
[PlyCount "78"]
[EventDate "2017.??.??"]
[WhiteTeam "Club d'Echecs du Vesinet"]
[BlackTeam "La Dame Noire"]

{Partie italienne, guiocco piano} 1. e4 e5 2. Nf3 Nc6 3. Bc4 Bc5 4. d3 Nf6 5.
c3 d6 6. Bb3 h6 7. Nbd2 O-O 8. Nf1 d5 9. Ng3 Be6 10. Bc2 dxe4 11. dxe4 a5 12.
b3 Qe7 13. O-O Nh7 14. Qe2 Bb6 15. Be3 Bxe3 16. Qxe3 Rfd8 17. Bd3 Nf6 18. h3
Bd7 19. Rfd1 Na7 20. Rd2 Bc6 21. Rad1 Re8 22. Nf5 Qf8 23. Ng3 Nb5 24. Bxb5 Bxb5
25. c4 Bc6 26. Kf1 a4 27. Ke2 Qb4 28. Rd3 axb3 29. axb3 b5 30. Nd2 Ra2 31. Rc1
Nd7 32. c5 Nf6 33. f3 Qa5 34. Rdc3 b4 35. R3c2 Rd8 36. Nc4 Bb5 37. Rxa2 Qxa2+
38. Kf1 Bxc4+ 39. Rxc4 Rd1+ 0-1

[Event "21e tournoi 1hKO"]
[Site "Montigny le Bretonneux"]
[Date "2017.05.28"]
[Round "7.3"]
[White "Talvard, Gerard"]
[Black "Couradin, Bruno"]
[Result "1-0"]
[WhiteElo "2002"]
[BlackElo "1550"]
[Annotator "Rivier,Sylvain"]
[PlyCount "31"]
[EventDate "2017.??.??"]
[WhiteTeam "Echiquier Grenoblois"]
[BlackTeam "La Dame Noire"]

{Ouverture du pion dame} 1. d4 e6 2. Nf3 Nf6 3. g3 c5 4. Bg2 cxd4 5. Nxd4 Bc5
6. Nb3 Be7 7. c4 d5 8. cxd5 Nxd5 9. O-O O-O 10. Na3 Nc6 11. Nc4 b5 12. Ne3 Bb7
13. Nxd5 exd5 14. Bxd5 Qc7 15. Bf4 Bd6 16. Bxd6 1-0

[Event "21e tournoi 1hKO"]
[Site "Montigny le Bretonneux"]
[Date "2017.05.28"]
[Round "7.4"]
[White "Artieres, Michel"]
[Black "Benbakir, Chouaib"]
[Result "1/2-1/2"]
[WhiteElo "1753"]
[BlackElo "1809"]
[Annotator "Rivier,Sylvain"]
[PlyCount "55"]
[EventDate "2017.??.??"]
[WhiteTeam "La Dame Noire"]
[BlackTeam "La Dame Noire"]

{Défense Pirc, variante classique} 1. e4 d6 2. d4 Nf6 3. Nc3 g6 4. Nf3 Bg7 5.
Be2 O-O 6. O-O Nc6 7. Be3 e5 8. dxe5 dxe5 9. Qxd8 Nxd8 10. Nd2 Ne6 11. f3 Nd4
12. Bd3 Be6 13. Nb5 Nxb5 14. Bxb5 a6 15. Bc4 Rfe8 16. Rad1 Bxc4 17. Nxc4 b5 18.
Na5 Bf8 19. Nb3 Red8 20. Kf2 Kg7 21. Ke2 Nh5 22. g3 f5 23. Bc5 f4 24. g4 Nf6
25. Bxf8+ Kxf8 26. Nc5 Rd6 27. Rxd6 cxd6 28. Nd3 1/2-1/2

[Event "21e tournoi 1hKO"]
[Site "Montigny le Bretonneux"]
[Date "2017.05.28"]
[Round "7.5"]
[White "Trevisiol, Thierry"]
[Black "Sondermeijer, Damien"]
[Result "0-1"]
[WhiteElo "1611"]
[BlackElo "1297"]
[Annotator "Rivier,Sylvain"]
[PlyCount "25"]
[EventDate "2017.??.??"]
[WhiteTeam "Maubuee-Gondoire Echecs"]
[BlackTeam "La Dame Noire"]

{Gambit dame, défense slave} 1. d4 d5 2. c4 c6 3. Nc3 Nf6 4. e3 g6 5. Nf3 Nbd7
6. cxd5 cxd5 7. Bb5 a6 8. Qa4 Bg7 9. Ne5 O-O 10. Bxd7 Nxd7 11. Nxd5 Nb6 12.
Nxb6 Qxb6 13. O-O {suite illisible} 0-1

[Event "21e tournoi 1hKO"]
[Site "Montigny le Bretonneux"]
[Date "2017.05.28"]
[Round "7.6"]
[White "Rivier, Sylvain"]
[Black "Couradin, Jean-Marie"]
[Result "1/2-1/2"]
[WhiteElo "1532"]
[BlackElo "1624"]
[Annotator "Rivier,Sylvain"]
[PlyCount "37"]
[EventDate "2017.??.??"]
[WhiteTeam "La Dame Noire"]
[BlackTeam "La Dame Noire"]

{Défense sicilienne, variante Löwenthal} 1. e4 c5 2. Nf3 Nc6 3. d4 cxd4 4.
Nxd4 e5 5. Nb5 a6 6. Nd6+ Bxd6 7. Qxd6 Qf6 8. Qxf6 Nxf6 9. Nc3 b5 10. Bg5 Ne7
11. Rd1 Bb7 12. Bxf6 gxf6 13. f3 O-O-O 14. Be2 d5 15. exd5 Bxd5 16. Kf2 Bb7 17.
Rxd8+ Rxd8 18. Rd1 f5 19. a3 1/2-1/2

[Event "21e tournoi 1hKO"]
[Site "Montigny le Bretonneux"]
[Date "2017.05.28"]
[Round "7.7"]
[White "Sagon, Lancelot"]
[Black "Hogrel, Nicolas"]
[Result "0-1"]
[WhiteElo "1449"]
[BlackElo "2008"]
[Annotator "Rivier,Sylvain"]
[PlyCount "134"]
[EventDate "2017.??.??"]
[WhiteTeam "La Dame Noire"]
[BlackTeam "La Dame Noire"]

{Défense sicilienne} 1. e4 c5 2. Nf3 d6 3. Nc3 Nc6 4. d4 cxd4 5. Nxd4 Nf6 6.
Bb5 Bd7 7. O-O g6 8. Be3 Bg7 9. Re1 O-O 10. f3 a6 11. Ba4 Ne5 12. Bb3 Rc8 13.
Qe2 e6 14. Rad1 Qc7 15. a3 h6 16. Rd2 Rfd8 17. Red1 b5 18. f4 Neg4 19. h3 Nxe3
20. Qxe3 Kh7 21. Qf3 Qc5 22. Kh1 a5 23. Qd3 a4 24. Ba2 Rb8 25. Nce2 b4 26. axb4
Rxb4 27. b3 e5 28. Nf3 Nxe4 29. Qd5 Nf2+ 30. Kh2 Nxd1 31. Qxc5 dxc5 32. Rxd1
exf4 33. bxa4 Rbb8 34. Bxf7 Bxa4 35. Rxd8 Rxd8 36. Nxf4 Bxc2 37. Bc4 Be4 38.
Kg3 Bxf3 39. Kxf3 Rf8 40. Ke4 Ra8 41. Ne6 Bd4 42. Nxd4 cxd4 43. Kxd4 h5 44. Bd5
Ra4+ 45. Ke3 Kh6 46. Bf3 Kg5 47. g3 Ra3+ 48. Kf2 Kf5 49. h4 Ke5 50. Kg2 Kd4 51.
g4 hxg4 52. Bxg4 Ke4 53. h5 g5 54. h6 Kf4 55. Bd1 Ra2+ 56. Kf1 Ra6 57. h7 Rh6
58. Bc2 g4 59. Kg2 g3 60. Bg6 Rh2+ 61. Kg1 Kf3 62. Be8 Rxh7 63. Bc6+ Kf4 64.
Kg2 Rc7 65. Ba4 Rc4 66. Bb3 Rc3 67. Ba4 Rd3 {suite non notée} 0-1

[Event "21e tournoi 1hKO"]
[Site "Montigny le Bretonneux"]
[Date "2017.05.28"]
[Round "7.8"]
[White "Privat, Jean-Claude"]
[Black "Trevisiol, Antoine"]
[Result "1-0"]
[WhiteElo "1633"]
[BlackElo "1194"]
[Annotator "Rivier,Sylvain"]
[PlyCount "65"]
[EventDate "2017.??.??"]
[WhiteTeam "La Dame Noire"]
[BlackTeam "Maubuee-Gondoire Echecs"]

{Gambit dame, défense slave} 1. d4 d5 2. c4 c6 3. Nf3 Bf5 4. Nc3 Nf6 5. e3 e6
6. Qb3 Qc7 7. Bd2 Nbd7 8. cxd5 exd5 9. Rc1 Qb6 10. Qxb6 Nxb6 11. Ne5 Bd6 12. f4
Bxe5 13. fxe5 Ne4 14. Nxe4 Bxe4 15. Rg1 O-O 16. Bb4 Rfe8 17. Bc5 Na4 18. Ba3
Re6 19. Kd2 f6 20. b3 Nb6 21. exf6 Rxf6 22. Be2 Rf2 23. Rcf1 Rxg2 24. Rxg2 Bxg2
25. Rf2 Be4 26. Bg4 h6 27. Be6+ Kh7 28. Rf7 Re8 29. Bh3 Rb8 30. Bd6 Rd8 31. Be5
Bb1 32. Rxg7+ Kh8 33. Rd7+ 1-0

[Event "21e tournoi 1hKO"]
[Site "Montigny le Bretonneux"]
[Date "2017.05.28"]
[Round "7.9"]
[White "Branson, James"]
[Black "Marchal, Gregory"]
[Result "1-0"]
[WhiteElo "1564"]
[BlackElo "1500"]
[Annotator "Rivier,Sylvain"]
[PlyCount "71"]
[EventDate "2017.??.??"]
[WhiteTeam "La Dame Noire"]
[BlackTeam "Club d'Echecs du Vesinet"]

{Défense française, variante Tarrasch fermée} 1. e4 e6 2. d4 d5 3. Nd2 Nf6
4. e5 Nfd7 5. Ne2 Nc6 6. Nf3 Be7 7. Bf4 f6 8. Qd2 O-O 9. c3 fxe5 10. Nxe5 Ncxe5
11. dxe5 Bc5 12. f3 Rf7 13. Nd4 Nf8 14. Bg3 Ng6 15. h4 h5 16. Bd3 Ne7 17. Qg5
Bxd4 18. cxd4 Bd7 19. Qxh5 Nf5 20. Bf2 Qe7 21. a3 b6 22. Rc1 Rc8 23. Ke2 c5 24.
g4 Nh6 25. Qg6 Kf8 26. Qh7 Rf4 27. Be3 Rxd4 28. Bxd4 cxd4 29. Rxc8+ Bxc8 30.
Rc1 Bb7 31. g5 Nf5 32. Bxf5 exf5 33. Qxf5+ Ke8 34. e6 Ba6+ 35. Kd2 Qd6 36. Qf7+
1-0

[Event "21e tournoi 1hKO"]
[Site "Montigny le Bretonneux"]
[Date "2017.05.28"]
[Round "7.10"]
[White "Fasquelle, Cedric"]
[Black "Sondermeijer, Antoine"]
[Result "1-0"]
[WhiteElo "1517"]
[BlackElo "1399"]
[Annotator "Rivier,Sylvain"]
[PlyCount "53"]
[EventDate "2017.??.??"]
[WhiteTeam "Saint-Quentin en Yvelines"]
[BlackTeam "La Dame Noire"]

{Défense Pirc} 1. e4 d6 2. d4 Nf6 3. Nc3 g6 4. Bc4 Bg7 5. f3 O-O 6. Be3 e5 7.
Nge2 c6 8. d5 cxd5 9. Nxd5 Be6 10. Nec3 Nbd7 11. Qd2 a6 12. O-O-O Ne8 13. Bg5
Qa5 14. Be7 b5 15. Bxf8 Kxf8 16. Bb3 Nc5 17. Kb1 Nxb3 18. cxb3 f5 19. exf5
Bxf5+ 20. Ne4 Qd8 21. g4 Bxe4+ 22. fxe4 Kf7 23. Rhf1+ Ke6 24. Rc1 Qh4 25. Nc7+
Nxc7 26. Rxc7 Qe1+ 27. Rxe1 1-0

[Event "21e tournoi 1hKO"]
[Site "Montigny le Bretonneux"]
[Date "2017.05.28"]
[Round "7.11"]
[White "Tanchoux, Pierre"]
[Black "Bouloc, Roger"]
[Result "1-0"]
[WhiteElo "1274"]
[BlackElo "1446"]
[Annotator "Rivier,Sylvain"]
[PlyCount "129"]
[EventDate "2017.??.??"]
[WhiteTeam "La Dame Noire"]
[BlackTeam "La Dame Noire"]

{Défense Alekhine, variante de chasse} 1. e4 d5 2. exd5 Nf6 3. Nc3 Bf5 4. Nf3
Nxd5 5. Nxd5 Qxd5 6. h3 e6 7. c3 Nc6 8. d4 Bd6 9. Bd3 Bxd3 10. Qxd3 e5 11. Qe3
O-O-O 12. O-O f6 13. Rd1 Rhf8 14. b3 exd4 15. Qd3 h6 16. cxd4 g5 17. Bb2 f5 18.
Qc4 Qxc4 19. bxc4 g4 20. hxg4 fxg4 21. Ne1 Ne7 22. d5 Nf5 23. Bd4 Nxd4 24. Rxd4
h5 25. Nd3 Rde8 26. c5 Be5 27. Nxe5 Rxe5 28. g3 Re2 29. Rf4 Rxf4 30. gxf4 h4
31. a4 Re4 32. f5 Re5 33. f6 Rxd5 34. Re1 Rf5 35. Re8+ Kd7 36. Re7+ Kd8 37. Rg7
Rxf6 38. Rxg4 h3 39. Rg8+ Kd7 40. Rh8 Kc6 41. Rxh3 Rf4 42. f3 Rxa4 43. Rg3 Ra1+
44. Kg2 Ra2+ 45. Kh3 Ra4 46. Rg4 Rxg4 47. Kxg4 Kd5 48. Kg5 Ke6 49. f4 a5 50.
Kg6 a4 51. f5+ Ke7 52. Kg7 a3 53. f6+ Ke8 54. f7+ Kd7 55. f8=Q a2 56. Qf7+ Kc6
57. Qxa2 Kxc5 58. Kf6 b5 59. Ke5 c6 60. Qc2+ Kb4 61. Ke4 c5 62. Qb2+ Kc4 63.
Ke3 b4 64. Kd2 b3 65. Qc3+ 1-0

[Event "21e tournoi 1hKO"]
[Site "Montigny le Bretonneux"]
[Date "2017.05.28"]
[Round "7.12"]
[White "Carbonero, Jean Marc"]
[Black "Colette, Thierry"]
[Result "0-1"]
[WhiteElo "1136"]
[BlackElo "1371"]
[Annotator "Rivier,Sylvain"]
[PlyCount "44"]
[EventDate "2017.??.??"]
[WhiteTeam "Saint-Quentin en Yvelines"]
[BlackTeam "La Dame Noire"]

{Partie espagnole, défense Steinitz} 1. e4 e5 2. Nf3 Nc6 3. Bb5 d6 4. Bxc6+
bxc6 5. O-O Nf6 6. Re1 Be7 7. d4 exd4 8. Nxd4 Bd7 9. e5 dxe5 10. Rxe5 O-O 11.
Nxc6 Bxc6 12. Qxd8 Bxd8 13. Nc3 Re8 14. Rxe8+ Nxe8 15. Be3 Bf6 16. Bd2 Nd6 17.
a4 Nc4 18. Bc1 Re8 19. Kf1 a6 20. Bf4 Nxb2 21. Bxc7 Bxc3 22. Ra3 Re1# 0-1

[Event "21e tournoi 1hKO"]
[Site "Montigny le Bretonneux"]
[Date "2017.05.28"]
[Round "7.13"]
[White "Zareli, Youssef"]
[Black "Montay, Jean-Paul"]
[Result "0-1"]
[WhiteElo "1009"]
[BlackElo "1343"]
[Annotator "Rivier,Sylvain"]
[PlyCount "35"]
[EventDate "2017.??.??"]
[WhiteTeam "La Dame Noire"]
[BlackTeam "La Dame Noire"]

{Défense sicilienne, variante Taïmanov} 1. e4 c5 2. Nf3 Nc6 3. Nc3 e6 4. d4
cxd4 5. Nxd4 a6 6. Bd3 Nxd4 7. Bc4 Nc6 8. O-O Nf6 9. Qf3 Qc7 10. Bf4 e5 11. Bg5
Be7 12. Nd5 Qd6 13. Rad1 Nd4 14. Qf5 Nxd5 15. Qg4 Nf6 16. c3 Nxg4 17. cxd4 exd4
18. Bxe7 0-1

[Event "21e tournoi 1hKO"]
[Site "Montigny le Bretonneux"]
[Date "2017.05.28"]
[Round "7.14"]
[White "Marchal, Madeleine"]
[Black "Vo, Bao Nam"]
[Result "0-1"]
[WhiteElo "1070"]
[BlackElo "1110"]
[Annotator "Rivier,Sylvain"]
[PlyCount "41"]
[EventDate "2017.??.??"]
[WhiteTeam "Club d'Echecs du Vesinet"]
[BlackTeam "La Dame Noire"]

{Partie viennoise} 1. e4 e5 2. Nc3 Nf6 3. Bc4 Bb4 4. a3 Bc5 5. d3 O-O 6. Bg5 d6
7. h3 h6 8. Bxf6 Qxf6 9. Nd5 Qd8 10. Nf3 Nc6 11. O-O Nd4 12. c3 Nxf3+ 13. Qxf3
c6 14. Ne3 b5 15. Bb3 Bxe3 16. Qxe3 a5 17. f4 Be6 18. Bxe6 fxe6 19. fxe5 Qc8
20. Rf3 Rxf3 21. Qxf3 {suite illisible} 0-1

[Event "21e tournoi 1hKO"]
[Site "Montigny le Bretonneux"]
[Date "2017.05.28"]
[Round "8.1"]
[White "Sondermeijer, Damien"]
[Black "Tornare, Michel"]
[Result "0-1"]
[WhiteElo "1297"]
[BlackElo "1835"]
[Annotator "Rivier,Sylvain"]
[PlyCount "144"]
[EventDate "2017.??.??"]
[WhiteTeam "La Dame Noire"]
[BlackTeam "C.S.M. Puteaux Echecs"]

{Partie du pion dame} 1. Nf3 d5 2. g3 Nf6 3. Bg2 e6 4. d4 Be7 5. O-O O-O 6. Bf4
b6 7. Nbd2 c5 8. e3 Ba6 9. Re1 Nbd7 10. Rc1 Nh5 11. Be5 f6 12. Bf4 g5 13. g4
Ng7 14. Bg3 Rc8 15. h4 h6 16. b3 Nb8 17. c4 cxd4 18. exd4 Ba3 19. Rc2 Nc6 20.
Nb1 Bb4 21. Nfd2 Nxd4 22. Rc1 dxc4 23. a3 Bxd2 24. Nxd2 cxb3 25. Rxc8 Qxc8 26.
Nxb3 Nxb3 27. Qxb3 Bb7 28. Bh3 Qc6 29. Kh2 Rd8 30. Qe3 Qd5 31. h5 Qd3 32. Qxd3
Rxd3 33. Ra1 f5 34. a4 f4 35. Rc1 fxg3+ 36. fxg3 Rd7 37. Rf1 Rf7 38. Rc1 Ne8
39. Rd1 Bd5 40. Kg1 Nf6 41. Rd4 Rc7 42. Kf1 Rc4 43. Rxc4 Bxc4+ 44. Ke1 Bb3 45.
a5 bxa5 46. Kd2 a4 47. Kc3 Ne4+ 48. Kb2 Nxg3 49. Bg2 Bd5 50. Bh3 e5 51. Ka3 Bb3
52. Bg2 e4 53. Kb2 e3 54. Bf3 e2 55. Bxe2 Nxe2 56. Ka3 Nd4 57. Kb2 Nc2 58. Kc3
Kf7 59. Kb2 Ke6 60. Kc3 Ke5 61. Kb2 Kf4 62. Kc3 Kxg4 63. Kb2 Kxh5 64. Kc3 g4
65. Kb2 g3 66. Kb1 a3 67. Kc1 g2 68. Kd2 a2 69. Ke2 a1=Q 70. Kd3 Qd4+ 71. Ke2
Bc4+ 72. Kf3 Ne1+ 0-1

[Event "21e tournoi 1hKO"]
[Site "Montigny le Bretonneux"]
[Date "2017.05.28"]
[Round "8.2"]
[White "Forissier, Nicolas"]
[Black "Talvard, Gerard"]
[Result "1/2-1/2"]
[WhiteElo "1985"]
[BlackElo "2002"]
[Annotator "Rivier,Sylvain"]
[PlyCount "65"]
[EventDate "2017.??.??"]
[WhiteTeam "La Dame Noire"]
[BlackTeam "Echiquier Grenoblois"]

1. d4 c5 2. d5 f5 3. c4 Nf6 4. Nc3 g6 5. g3 Bg7 6. Bg2 O-O 7. e4 d6 8. Nge2 Na6
9. O-O Nc7 10. Nf4 Nxe4 11. Nxe4 fxe4 12. Bxe4 Bf5 13. Qe2 Qd7 14. Re1 Rae8 15.
Rb1 Bxe4 16. Qxe4 Qf5 17. Bd2 Bd4 18. b4 b6 19. bxc5 dxc5 20. a4 Rf6 21. Qxf5
Rxf5 22. h4 Kg7 23. Re2 Re5 24. a5 b5 25. Rxe5 Bxe5 26. Nd3 Bd4 27. cxb5 Nxd5
28. Nf4 Nxf4 29. Bxf4 e5 30. Bd2 c4 31. Rc1 Rc8 32. Be3 c3 33. b6 {ouverture
du pion dame} 1/2-1/2

[Event "21e tournoi 1hKO"]
[Site "Montigny le Bretonneux"]
[Date "2017.05.28"]
[Round "8.3"]
[White "Benbakir, Chouaib"]
[Black "Charron, Thomas"]
[Result "1-0"]
[WhiteElo "1809"]
[BlackElo "1550"]
[Annotator "Rivier,Sylvain"]
[PlyCount "77"]
[EventDate "2017.??.??"]
[WhiteTeam "La Dame Noire"]
[BlackTeam "Club d'Echecs du Vesinet"]

{Partie italienne} 1. e4 e5 2. Nf3 Nc6 3. Bc4 Bc5 4. c3 Nf6 5. O-O d6 6. h3 O-O
7. Re1 Be6 8. Bb3 Qd7 9. d4 Bxb3 10. axb3 exd4 11. cxd4 Bb6 12. Bg5 Ne8 13. Nc3
f6 14. Bh4 a6 15. b4 Na7 16. Nd5 Nc8 17. Qb3 Kh8 18. b5 a5 19. Rac1 Na7 20. Nc3
g5 21. Bg3 Ng7 22. e5 Nf5 23. e6 Qe8 24. Qd5 Nxg3 25. fxg3 Rb8 26. Kh2 Nc8 27.
Qc4 Ne7 28. Nd5 Nxd5 29. Qxd5 Qe7 30. Qf5 Rbc8 31. d5 Bf2 32. Re2 Bc5 33. Nd2
Kg8 34. Ne4 Bd4 35. Rc4 Be5 36. Rec2 b6 37. Nc3 Bxc3 38. Rc1 Kg7 39. Qc2 {
suite non notée} 1-0

[Event "21e tournoi 1hKO"]
[Site "Montigny le Bretonneux"]
[Date "2017.05.28"]
[Round "8.4"]
[White "Delpech, Olivier"]
[Black "Artieres, Michel"]
[Result "0-1"]
[WhiteElo "1660"]
[BlackElo "1753"]
[Annotator "Rivier,Sylvain"]
[PlyCount "100"]
[EventDate "2017.??.??"]
[WhiteTeam "La Dame Noire"]
[BlackTeam "La Dame Noire"]

{Défense vieille indienne} 1. c4 Nf6 2. Nc3 d6 3. d4 e5 4. e3 Be7 5. g3 O-O 6.
Bg2 c6 7. Nge2 Be6 8. b3 Qc8 9. O-O Bh3 10. f4 Bxg2 11. Kxg2 exd4 12. exd4 d5
13. Qc2 Nbd7 14. Bd2 Re8 15. Rae1 dxc4 16. bxc4 Nb6 17. Nd1 Qe6 18. c5 Qe4+ 19.
Qxe4 Nxe4 20. Be3 Nd5 21. Rf3 b5 22. Bc1 Bf6 23. Bb2 Nd2 24. Re3 Nc4 25. Kf2
Nb4 26. Rf3 Nxa2 27. Ndc3 Nxb2 28. Nxa2 Nc4 29. Nb4 Rac8 30. Nd3 Nd2 31. Re3
Rxe3 32. Kxe3 Nc4+ 33. Kf2 a5 34. Ne5 Nxe5 35. fxe5 Be7 36. Ra1 a4 37. Nc1 f5
38. Nd3 Kf7 39. Ke3 Bg5+ 40. Ke2 Rd8 41. Nb4 Rxd4 42. Nxc6 Rc4 43. Na7 Rxc5 44.
Kd3 Rxe5 45. Rb1 b4 46. Rxb4 Ra5 47. Nc6 Ra6 48. Ne5+ Ke6 49. Nc4 a3 50. Kc2 a2
0-1

[Event "21e tournoi 1hKO"]
[Site "Montigny le Bretonneux"]
[Date "2017.05.28"]
[Round "8.5"]
[White "Hogrel, Nicolas"]
[Black "Rivier, Sylvain"]
[Result "1-0"]
[WhiteElo "2008"]
[BlackElo "1532"]
[Annotator "Rivier,Sylvain"]
[PlyCount "55"]
[EventDate "2017.??.??"]
[WhiteTeam "La Dame Noire"]
[BlackTeam "La Dame Noire"]

{Ouverture anglaise, variante symétrique} 1. d4 e6 2. c4 Nf6 3. Nf3 d6 4. g3
Be7 5. Bg2 O-O 6. O-O c5 7. Nc3 Nbd7 8. b3 Rb8 9. Qc2 b6 10. Bb2 Bb7 11. e4
cxd4 12. Nxd4 Nc5 13. Rad1 a6 14. e5 Bxg2 15. Kxg2 dxe5 16. Nxe6 Qc8 17. Nxf8
Qc6+ 18. f3 Bxf8 19. Nd5 Re8 20. Qf5 Ncd7 21. Rfe1 Bd6 22. Nxf6+ Nxf6 23. Bxe5
Bxe5 24. Rxe5 Rxe5 25. Qxe5 h6 26. Rd8+ Kh7 27. Qf5+ g6 28. Qc8 1-0

[Event "21e tournoi 1hKO"]
[Site "Montigny le Bretonneux"]
[Date "2017.05.28"]
[Round "8.6"]
[White "Trevisiol, Thierry"]
[Black "Privat, Jean-Claude"]
[Result "0-1"]
[WhiteElo "1611"]
[BlackElo "1633"]
[Annotator "Rivier,Sylvain"]
[PlyCount "28"]
[EventDate "2017.??.??"]
[WhiteTeam "Maubuee-Gondoire Echecs"]
[BlackTeam "La Dame Noire"]

{Ouverture irrégulière} 1. b4 d5 2. Bb2 e6 3. a3 Nf6 4. e3 Nbd7 5. c4 c6 6.
Nf3 Be7 7. Qc2 O-O 8. d3 Qc7 9. Nbd2 a5 10. cxd5 Nxd5 11. b5 cxb5 12. Qb3 Qb6
13. Nd4 Bf6 14. Nc4 bxc4 0-1

[Event "21e tournoi 1hKO"]
[Site "Montigny le Bretonneux"]
[Date "2017.05.28"]
[Round "8.7"]
[White "Couradin, Jean-Marie"]
[Black "Branson, James"]
[Result "0-1"]
[WhiteElo "1624"]
[BlackElo "1564"]
[Annotator "Rivier,Sylvain"]
[PlyCount "71"]
[EventDate "2017.??.??"]
[WhiteTeam "La Dame Noire"]
[BlackTeam "La Dame Noire"]

{Début Ponziani} 1. e4 e5 2. Nf3 Nc6 3. c3 Nf6 4. d4 exd4 5. e5 Qe7 6. cxd4 d6
7. Bb5 Bd7 8. O-O dxe5 9. Bxc6 Bxc6 10. Nxe5 Qe6 11. Nc3 O-O-O 12. Re1 Qe8 13.
Be3 Nd5 14. Qg4+ Kb8 15. Nxd5 Bxd5 16. Rac1 f6 17. Nd3 Bd6 18. Bf4 Qb5 19. Nc5
b6 20. a4 Qa5 21. Bxd6 bxc5 22. Bxc5 Rhe8 23. h3 Rxe1+ 24. Rxe1 Qxe1+ 25. Kh2
Qe4 26. Qg3 Rd7 27. f3 Qe2 28. Qg4 Be6 29. Qf4 h5 30. d5 Rxd5 31. Qb4+ Kc8 32.
Bxa7 Qe5+ 33. Kh1 Rd1+ 34. Bg1 Bd7 35. Qf8+ Be8 36. Qxg7 0-1

[Event "21e tournoi 1hKO"]
[Site "Montigny le Bretonneux"]
[Date "2017.05.28"]
[Round "8.8"]
[White "Couradin, Bruno"]
[Black "Fasquelle, Cedric"]
[Result "1-0"]
[WhiteElo "1550"]
[BlackElo "1517"]
[Annotator "Rivier,Sylvain"]
[PlyCount "69"]
[EventDate "2017.??.??"]
[WhiteTeam "La Dame Noire"]
[BlackTeam "Saint-Quentin en Yvelines"]

{Défense sicilienne} 1. e4 c5 2. Nf3 e6 3. d4 cxd4 4. Nxd4 Nf6 5. Nc3 Bb4 6.
Bd3 Nc6 7. Nxc6 bxc6 8. Bd2 d5 9. exd5 cxd5 10. a3 Be7 11. O-O O-O 12. Bf4 Bb7
13. Nb5 Ne8 14. Rc1 Bf6 15. Rb1 a6 16. Nc3 Nd6 17. Re1 Re8 18. Qg4 Bc8 19. Qh3
g6 20. Qg3 Bxc3 21. bxc3 Nb5 22. Bg5 f6 23. Bh6 Nxa3 24. Bxg6 Re7 25. Bd3+ Kh8
26. Rb4 Nc4 27. Bxc4 dxc4 28. Rxc4 Bb7 29. Rd4 Qc7 30. Qxc7 Rxc7 31. Rxe6 Rxc3
32. Re7 Bc6 33. Rd2 a5 34. Bg7+ Kg8 35. Bxf6 1-0

[Event "21e tournoi 1hKO"]
[Site "Montigny le Bretonneux"]
[Date "2017.05.28"]
[Round "8.9"]
[White "Marchal, Gregory"]
[Black "Tanchoux, Pierre"]
[Result "1-0"]
[WhiteElo "1500"]
[BlackElo "1274"]
[Annotator "Rivier,Sylvain"]
[PlyCount "85"]
[EventDate "2017.??.??"]
[WhiteTeam "Club d'Echecs du Vesinet"]
[BlackTeam "La Dame Noire"]

{Partie du pion dame} 1. d4 d5 2. Bf4 Nf6 3. e3 Bf5 4. Nf3 Nbd7 5. h3 h6 6. Bd3
Be4 7. O-O e6 8. Qe2 Be7 9. Nbd2 Bxd3 10. Qxd3 O-O 11. Rfe1 c5 12. c3 c4 13.
Qc2 Rc8 14. e4 Re8 15. Re3 Nh7 16. Rae1 Bg5 17. Nxg5 Nxg5 18. exd5 Nf8 19. dxe6
Ngxe6 20. Bh2 Qd7 21. b3 b5 22. bxc4 bxc4 23. Rb1 Ng6 24. Rb4 Qd5 25. Qa4 Nef4
26. Rxe8+ Rxe8 27. Qxe8+ Kh7 28. Bxf4 Nxf4 29. Qe4+ Qxe4 30. Nxe4 f5 31. Ng3 g6
32. Kf1 Nd5 33. Rxc4 a6 34. Ne2 h5 35. g3 Kh6 36. Nf4 Nb6 37. Rc6 Na4 38. Rxg6+
Kh7 39. Rc6 a5 40. Nxh5 Nb2 41. Ke2 a4 42. Kd2 a3 43. d5 1-0

[Event "21e tournoi 1hKO"]
[Site "Montigny le Bretonneux"]
[Date "2017.05.28"]
[Round "8.10"]
[White "Montay, Jean-Paul"]
[Black "Sagon, Lancelot"]
[Result "0-1"]
[WhiteElo "1343"]
[BlackElo "1449"]
[Annotator "Rivier,Sylvain"]
[PlyCount "41"]
[EventDate "2017.??.??"]
[WhiteTeam "La Dame Noire"]
[BlackTeam "La Dame Noire"]

{Ouverture anglaise, variante des quatre cavaliers, structure du dragon} 1. c4
e5 2. Nc3 Nf6 3. g3 d5 4. cxd5 Nxd5 5. Bg2 Be6 6. Nf3 Nc6 7. d4 Bb4 8. Qd2 exd4
9. Nxd4 Nxd4 10. Qxd4 Nxc3 11. Qxd8+ Rxd8 12. Bd2 Nd5 13. Bxb4 Nxb4 14. O-O O-O
15. Rfd1 c6 16. a3 Nd5 17. Rd3 Rd7 18. Rad1 Rfd8 19. Bxd5 Rxd5 20. Rxd5 Rxd5
21. Rxd5 0-1